|
|
|
|
| LEADER |
00000nas a2200000 a 4500 |
| 001 |
ssj0000911392 |
| 003 |
WaSeSS |
| 005 |
20200512172242.0 |
| 006 |
m d |
| 007 |
cr n |
| 008 |
990129u199uuuuupk ar s 0 0eng |
| 010 |
|
|
|a 98930386
|
| 022 |
|
|
|l 1023-0688
|y 1023-0688
|
| 035 |
|
|
|a (WaSeSS)ssj0000911392
|
| 040 |
|
|
|a DLC
|b eng
|c DLC
|d OCoLC
|d WaSeSS
|
| 042 |
|
|
|a pcc
|
| 043 |
|
|
|a a-pk---
|
| 050 |
0 |
0 |
|a DS392.S5
|b A53
|
| 245 |
0 |
0 |
|a Ancient Sindh
|h [electronic resource] :
|b publication of the Department of Archaeology, Faculty of Natural Sciences, Shah Abdul Latif University.
|
| 260 |
|
|
|a Khairpur, Sindh :
|b The University
|
| 310 |
|
|
|a Annual
|
| 506 |
|
|
|a License restrictions may limit access.
|
| 588 |
|
|
|a Description based on: Vol. 2 (1995).
|
| 610 |
2 |
0 |
|a Shah Abdul Latif University.
|b Department of Archaeology
|v Periodicals.
|
| 650 |
|
0 |
|a Archaeology
|z Pakistan
|z Sindh
|v Periodicals.
|
| 655 |
|
0 |
|a Electronic journals.
|
| 710 |
2 |
|
|a Shah Abdul Latif University.
|b Department of Archaeology.
|
| 850 |
|
|
|a DLC
|
| 856 |
4 |
0 |
|z Full text available from Research Library: 01/01/2008 to 01/31/2008
|u https://search.proquest.com/publication/1616354
|